00388nam a2200157Ia 45000010006000000050017000060080041000230410008000640820016000721000035000882450054001232600009001773000028001866500008002146540008002221168120260306162845.0260306t1986||||xx |||||||||||||| ||spa|| aESP a987.04bM97 aMurillo Rubiera, FernandoeAUT 0aAndres Bello:bhistoria de una vida y de una obra c1986 a493 páginas :c22 cm. aGEN aCHU